000 00765nam a2200253 a 4500
008
020 _a0826454224 (pbk.)
049 _aMAIN
090 _aQA76.9.D26
100 1 _aRitchie, Colin.
245 1 0 _aRelational database principles /
_cColin Ritchie.
260 _aLondon :
_bContinuum,
_c1998.
300 _axi, 283 p. :
_bill. ;
_c25 cm.
504 _aIncludes bibliographical references.
500 _aIncludes index.
650 0 _aRelational databases.
650 0 _aRelational databases
_xProblems, exercises, etc.
650 0 _aDatabase management.
907 _a.b10129868
_b05-08-13
_c08-07-04
999 _aLOCAL MC.
_c154329
_d154329
003
005 20230123133753.0
040 _cNUST
942 _cBOOKS
_kQA76.9.D26